000 00458nam a2200169 a 4500
001 1142
005 20140414131905.0
008 041022s19uu xx 00 eng d
050 _aFIC
_bT91 1989
100 _aTwain, Mark
245 _aTom Sawyer abroad Tom Sawyer detective /
_cMark Twain.
260 _aNew York :
_bBobley Publishing,
_c1989.
300 _a205 p. ; cm.
440 _aChildren's Classics Library
650 _aFiction.
999 _c110925
_d110925